00828cas a22001937a 4500003000400000005001700004008004100021040001400062245013200076246005800208260008800266310001000354362001000364650005700374650002900431650002900460710006900489856007600558OSt20231121124351.0170131s2000 sp |||||o 000 ||spa|d bcatcCDMR10aDatos EGM b: resumen general [recurs electrònic] / cAsociación para la Investigación de Medios de Comunicación (AIMC) aDatos del Estudio General de Medios : resumen general aMadrid :bAsociación para la Investigación de Medios de Comunicación,c2000 - aAnual a2000-04aMitjans de comunicació de massaxPúbliczEspanya00aTeleespectadorszEspanya00aRàdioxOientszEspanya2 aAsociación para la Investigación de Medios de Comunicación uhttp://www.aimc.es/-Datos-EGM-Resumen-General-.htmlzAccés en línia